| 000 | 01020nam a22003137a 4500 | ||
|---|---|---|---|
| 003 | CHAP | ||
| 005 | 20220817042659.0 | ||
| 008 | 971013s1975 r 00010 d | ||
| 010 | _a52047 | ||
| 011 | _a53019 | ||
| 035 | _a57169 | ||
| 040 | _cCHAP | ||
| 090 | _aFolleto 7363 | ||
| 100 | 0 | 0 |
_aSánchez Colín, Salvador. _9107431 |
| 245 | _aSituación de la citricultura nacional | ||
| 260 |
_aMéxico, D.F. : _bComisión Nacional de Fruticultura, _c1975 |
||
| 300 |
_a14 p. _b: ilus. |
||
| 490 |
_aSerie especial: Folleto _v; 36 |
||
| 590 |
_aBATCH-UPD _b10 _c20130110 _lUCH01 _h1718 |
||
| 590 |
_aBATCH-UPD _b10 _c20130410 _lUCH01 _h1102 |
||
| 590 |
_aBATCH-UPD _b10 _c20130914 _lUCH01 _h0959 |
||
| 590 |
_aCONVERSION _b10 _c20130109 _lUCH01 _h1328 |
||
| 650 | 1 | 4 |
_aCítricos _xAspectos económicos _xMéxico. _924403 |
| 830 | 0 |
_aSerie especial Folleto _v; 36 |
|
| 901 | _aBK | ||
| 942 | _cFOLL | ||
| 949 |
_aFolleto 7363 _bBC _cFOLL _d571592 _eTS2 _fc.2 _i57169 _sb |
||
| 949 |
_aFolleto 7363 _bBC _cFOLL _d571691 _eTS1 _i57169 _sb |
||
| 999 |
_c52047 _d52047 |
||